00000000nam##2200000za#4500
0019.536712
003CaOODSP
00520200327020534
007ta
008150406|2002||||xxc|||||     f|0| 0 eng|d
040 |aCaOODSP|beng
041 |aeng
041 |afre
043 |an-cn---
0861 |aSP2-6/2001
1101 |aCanada. |bQueen's Printer.
24510|aBanks, trust companies and loan companies: unclaimed balances : |breported as at December 31, 2001 by banks, trust companies and loan companies / |c(Office of the Superintendent of Financial Institutions: Bank Act and Trust and Loan Companies Act.)
260 |aOttawa - Ontario : |bQueen's Printer |c2002.
300 |a498p. ; |c28 cm.
4901 |aCanada gazette, part I. Supplement
546 |aBilingual
563 |aSoftcover
590 |a02-23|b2002-06-07
69007|aBanks|2gcpds
69007|aCredit unions|2gcpds
69007|aTrust companies|2gcpds
7760#|tBanques, sociétés de fiducie et sociétés de prêt - soldes non réclamés : |w(CaOODSP)9.587844
792 |tBanques, sociétés de fiducie et sociétés de prêt: soldes non réclamés : |efre|w(CaOODSP)9.536713
830#0|aCanada gazette, part I. Supplement.|w(CaOODSP)9.509660